|
|
|
|
| LEADER |
00809nam a22001937a 4500 |
| 008 |
180404b xxu||||| |||| 00| 0 eng d |
| 999 |
|
|
|c 21943
|d 21943
|
| 020 |
|
|
|a 9789384355180
|
| 082 |
|
|
|a 894.1107
|b UBA/BEV
|
| 100 |
|
|
|a ബേവിഞ്ച, ഇബ്രാഹീം
|
| 240 |
|
|
|a Ubaidinte kavithalokam
|
| 245 |
|
|
|a ഉബൈദിന്റെ കവിതാലോകം /
|c ഇബ്രാഹീം ബേവിഞ്ച
|
| 250 |
|
|
|a 2nd ed.
|
| 260 |
|
|
|a കോഴിക്കോട് :
|b വചനം ബുക്സ്,
|c 2015.
|
| 300 |
|
|
|a 128p.
|
| 650 |
|
|
|a കവിതാ പഠനം
|
| 700 |
|
|
|a Bevincha, Ibrahim
|
| 942 |
|
|
|2 ddc
|c BK
|
| 952 |
|
|
|0 0
|1 0
|2 ddc
|4 0
|6 894_110700000000000_UBA_BEV
|7 0
|9 30444
|a MAIN
|b MAIN
|d 2018-04-04
|e Pendulum Books
|g 110.00
|o 894.1107 UBA/BEV
|p 30169
|r 2018-04-04
|t 1
|w 2018-04-04
|y BK
|